000 00514nam a2200229Ia 4500
008 210210b2008 xxu||||| |||| 00| 0 eng d
020 _a9788131718674
041 _aeng
082 _a515 WEIT
100 _aWEIR (Maurice D)
245 _aThomas calculus Ed 11
250 _a
260 _aChennai
_bPearson Education
_c2008
300 _axvi--1228--T-6
650 _aThomas
650 _aEd
650 _acalculus
650 _a11
690 _aCalculus
700 _aHASS (Joel)
906 _a063054
999 _c131804
_d131804